| 000 | 01094cam a22003373a 4500 | ||
|---|---|---|---|
| 001 | 792 | ||
| 003 | PGUSA | ||
| 005 | 20140828082953.0 | ||
| 008 | 970101s1997||||xxu|||||s|||||000 1 eng d | ||
| 040 |
_aPGUSA _beng |
||
| 042 | _adc | ||
| 050 | 4 | _aPS | |
| 100 | 1 |
_aBrown, Charles Brockden, _d1771-1810 |
|
| 245 | 1 | 0 |
_aWieland; Or, The Transformation : _bAn American Tale _h[electronic resource] / _cCharles Brockden Brown |
| 260 |
_bProject Gutenberg, _c1997 |
||
| 506 | _aPublic domain in the USA. | ||
| 516 | _aElectronic text | ||
| 653 | _aGothic fiction (Literary genre) | ||
| 653 | _aHorror tales | ||
| 653 | _aRadicals -- Fiction | ||
| 653 | _aCombustion, Spontaneous -- Fiction | ||
| 653 | _aEpistolary fiction | ||
| 653 | _aFathers -- Death -- Fiction | ||
| 653 | _aBrothers and sisters -- Fiction | ||
| 653 | _aPennsylvania -- History -- Colonial period, ca. 1600-1775 -- Fiction | ||
| 653 | _aReligious fanaticism -- Fiction | ||
| 653 | _aPsychological fiction | ||
| 830 | 0 |
_aProject Gutenberg _v792 |
|
| 856 | 4 | 0 | _uhttp://www.gutenberg.org/ebooks/792 |
| 942 | _cEB | ||
| 999 |
_c230143 _d230143 |
||